000 00300nam a2200109Ia 4500
008 171211s9999 xx 000 0 und d
245 _aYou Can Draw Star Wars
245 _cBonnie Burton
260 _c2007
650 _xDrawing
856 _uhttp://down.ebook777.com/You%20Can%20Draw%20Star%20Wars.pdf
999 _c348065
_d348065